Normal view
MARC view
- Prayers
Entry Genre/Form Term
001 - CONTROL NUMBER
- control field: 87006
003 - CONTROL NUMBER IDENTIFIER
- control field: OSt
005 - DATE AND TIME OF LATEST TRANSACTION
- control field: 20251209105713.0
008 - FIXED-LENGTH DATA ELEMENTS
- fixed length control field: 251209|| aca||aabn | a|a d
040 ## - CATALOGING SOURCE
- Original cataloging agency: OSt
- Transcribing agency: OSt
155 ## - HEADING--GENRE/FORM TERM
- Genre/form term: Prayers
670 ## - SOURCE DATA FOUND
- Source citation: Work cat.: (OSt)49887: Maddox, Sarah O., author. 87002, A mother's garden of prayer /, c1999.